The Shakespearean imagination.

Bibliographic Details
Main Author: Holland, Norman N. (Norman Norwood), 1927-2017
Format: Book
Language:English
Published: New York : Macmillan, [1964]
Subjects:

MARC

Tag First Indicator Second Indicator Subfields
LEADER 00000cam a22000001 4500
001 in00000032949
005 20181006063205.0
008 711228s1964 nyuah 00000 eng
010 |a  63015685  
035 |a (OCoLC)00359122 
035 |9 AAD6997AM 
040 |a DLC  |c DLC  |d TXA  |d UtOrBLW 
049 |a TXAM  |c [369205] 
050 0 0 |a PR2976  |b .H57 
082 0 |a 822.33 
092 |a 822.33  |b EH736 
100 1 |a Holland, Norman N.  |q (Norman Norwood),  |d 1927-2017. 
245 1 4 |a The Shakespearean imagination. 
264 1 |a New York :  |b Macmillan,  |c [1964] 
300 |a xii, 338 pages :  |b illustrations, facsimiles ;  |c 25 cm. 
336 |a text  |b txt  |2 rdacontent 
337 |a unmediated  |b n  |2 rdamedia 
338 |a volume  |b nc  |2 rdacarrier 
500 |a Based on TV series: The Shakespearean imagination. 
600 1 0 |a Shakespeare, William,  |d 1564-1616  |x Criticism and interpretation. 
999 |a MARS 
999 f f |s 2edfd3f5-45d3-388d-b8b3-7218bde01ac9  |i 51a0c17d-c7f3-309e-a48d-6fb998733c20  |t 0 
952 f f |p normal  |a Texas A&M University  |b College Station  |c Sterling C. Evans Library  |d Evans: Library Stacks  |t 0  |e PR2976 .H57  |h Library of Congress classification  |i unmediated -- volume  |m A14801307525 
998 f f |a PR2976 .H57  |t 0  |l Evans: Library Stacks